Democracy, markets and structural adjustment /
S.R
Gorde:
| Egile nagusia: | |
|---|---|
| Formatua: | Texto |
| Gaiak: | |
| Etiketak: |
Etiketa erantsi
Etiketarik gabe, Izan zaitez lehena erregistro honi etiketa jartzen!
|
MARC
| LEADER | 00000 a a2200000 04500 | ||
|---|---|---|---|
| 001 | 13893 | ||
| 003 | |||
| 040 | |||
| 100 | |a Alai Khan, Haider | ||
| 245 | |a Democracy, markets and structural adjustment / |c Haider Alai Khan | ||
| 520 | |a S.R | ||
| 650 | |a AJUSTE ESTRUCTURAL | ||
| 650 | |a BANCO MUNDIAL | ||
| 650 | |a FMI | ||
| 650 | |a BID | ||
| 650 | |a NEOLIBERALISMO | ||
| 650 | |a IDEOLOGIAS | ||
| 650 | |a POLITICA ECONOMICA | ||
| 650 | |a SISTEMAS POLITICOS | ||
| 650 | |a DEMOCRACIA | ||
| 650 | |a ESTADO | ||
| 650 | |a PAISES EN DESARROLLO | ||
| 650 | |a PODER POLITICO | ||
| 650 | |a CLASE DIRIGENTE | ||
| 650 | |a PROBLEMAS POLITICOS | ||
| 650 | |a PROBLEMAS SOCIALES | ||
| 650 | |a POBREZA | ||
| 773 | |g número 45; páginas 87-92 | ||
| 999 | |c 26056 |d 26056 | ||
